Normal view
MARC view
- JOHNSON,NEBERT SINGHROY
Entry Personal Name
001 - CONTROL NUMBER
- control field: 90500
003 - CONTROL NUMBER IDENTIFIER
- control field: NUST
005 - DATE AND TIME OF LATEST TRANSACTION
- control field: 20220308132746.0
008 - FIXED-LENGTH DATA ELEMENTS
- fixed length control field: 220308|| aca||aabn | a|a d
040 ## - CATALOGING SOURCE
- Original cataloging agency: NUST
- Transcribing agency: NUST
100 ## - HEADING--PERSONAL NAME
- Personal name: JOHNSON,NEBERT SINGHROY
670 ## - SOURCE DATA FOUND
- Source citation: Work cat.: (NUST): JOHNSON,NEBERT SINGHROY., RREMOTE SENSING AND GIS FOR SITE CHARACTERIZATION /, 1996.
